Normal view
MARC view
- ابن حموش، مصطفى احمد
Entry Personal Name
001 - CONTROL NUMBER
- control field: 18224
003 - CONTROL NUMBER IDENTIFIER
- control field: JO-AjAnu
005 - DATE AND TIME OF LATEST TRANSACTION
- control field: 20230606073214.0
008 - FIXED-LENGTH DATA ELEMENTS
- fixed length control field: 230606|| aca||aabn | a|a d
040 ## - CATALOGING SOURCE
- Original cataloging agency: JO-AjAnu
- Transcribing agency: JO-AjAnu
100 ## - HEADING--PERSONAL NAME
- Personal name: ابن حموش، مصطفى احمد
670 ## - SOURCE DATA FOUND
- Source citation: Work cat.: (JO-AjAnu)9355: ابن حموش، مصطفى احمد, author, فقه العمران الاسلامي من خلال الأرشيف العثماني الجزائري (956هجري- 1246م/1249 هجري -1830م) من واقع الاوامر السلطانية وعقود المحاكم الشرعية